| 000 | 00576nam a22001817a 4500 | ||
|---|---|---|---|
| 005 | 20251128115519.0 | ||
| 008 | 251125b |||||||| |||| 00| 0 eng d | ||
| 020 | _a978-81-19613-38-0 | ||
| 041 | _aeng | ||
| 082 | _a543.07 SIN-T | ||
| 100 |
_aSINGH, REENA 2- KUMAR, JITENDRA 3. CHAUDHARY, TARUN. 4 CHAUDHAREE, NISHA _98824 |
||
| 245 | _aTEXT BOOK OF INSTRUMENTAL METHODS OF ANALYSIS: for B. Pharma [ 7th semester] | ||
| 250 | _a1st ed. 2024 | ||
| 260 |
_anew delhi _bINNOVATIVE PUBLISHERS PVT. LTD _c2025 |
||
| 300 | _a158;P | ||
| 650 |
_aPHARMACY _xB.PHARMA |
||
| 942 | _cBK | ||
| 999 |
_c9006 _d9004 |
||